Como conservar y utilizar los desperdicios del pescado (Registro nro. 6652)

Detalles MARC
000 -CABECERA
Campo de control 00595nam a2200181 a 4500
020 ## - ISBN
ISBN 9789588317205
090 ## - CLASIFICACIÓN LOCAL
Colección LB
Consecutivo 05354
041 ## - IDIOMA
Código de idioma para texto/pista de sonido o título separado Español
100 ## - ASIENTO PRINCIPAL--NOMBRE PERSONAL
Nombre personal Agudelo Córdoba, Edwin
245 ## - MENCION DE TITULO
Título Como conservar y utilizar los desperdicios del pescado
Parte restante del título el ensilado biológico como alternativa
260 ## - PUBLICACION, DISTRIBUCION, ETC. (PIE DE IMPRENTA)
Lugar de publicación, distribución, etc. Bogotá
Nombre del editor, distribuidor, etc. Instituto Alexander von Humboldt
Fecha de publicación, distribución, etc. 2007
300 ## - DESCRIPCION FISICA
Extensión 32 p.
662 ## - ASIENTO SECUNDARIO DE MATERIA - JERARQUIA DEL NOMBRE DE LUGAR(
País o entidad mayor Colombia
Jurisdicción política de primer orden Amazonas
700 ## - ASIENTO SECUNDARIO - NOMBRE PERSONAL
Nombre personal Alonso González, Juan Carlos
700 ## - ASIENTO SECUNDARIO - NOMBRE PERSONAL
Nombre personal Cuevas Tarazona, Diana Concepción
700 ## - ASIENTO SECUNDARIO - NOMBRE PERSONAL
Nombre personal Núñez Dasilva, Francisco
942 ## - ELEMENTOS ADICIONALES (KOHA)
Tipo de ítem
Existencias
Withdrawn status Lost status Sistema de Clasificación Damaged status No para préstamo Colección Ubicación Permanente Ubicación actual Fecha de adquisición Total Checkouts Número topográfico Inventario / Código de Barras Date last seen Ejemplar Price effective from Tipo de material
    Dewey Decimal Classification     General Villa de Leyva Villa de Leyva 10/11/2008   LB-05354 026557 04/12/2012 Ej.1 04/12/2012 Libro